000 00497nam a22001937a 4500
001 00028476
005 20260306082552.0
008 260306b ag ||||| |||| 00| 0 spa d
040 _bspa
_cAR-CcCEOS
080 _a141.82
090 _bMAR
100 1 _aMarĂ­n, Juan
_9786
245 _aCONFUCIO :
_bel humanismo didactizante /
_cJuan Marin
250 _a1a ed.
260 _aBuenos Aires :
_bEspasa-Calpe,
_c1954.
300 _a147 p. ;
_c19x13 cm.
650 0 _ahistoria
942 _2udc
_cBK
999 _c28503
_d28503
945 _a66467
_bMelina Rolando
_c66467
_dMelina Rolando